Complete the Romance movie title p4 - Statistics

General Stats
  • This quiz has been taken 120 times
  • The average score is 11 of 14
Answer Stats
Hint Answer % Correct
La __ Land La
99%
Ps I love ___ You
98%
A ____ Is Born Star
96%
When Harry ___ Sally Met
95%
No Hard ________ Feelings
91%
It Ends with __ Us
91%
He’s Just ___ That Into You Not
89%
Call me by ____ Name Your
83%
The fault in our _____ Stars
79%
The _____ of Being a Wallflower Perks
78%
____ Feet Apart Five
76%
About ____ Time
55%
The ________ Bride Princess
54%
Definitely _____ Maybe
36%
No matching quizzes found
Score Distribution
Percent of People with Each Score
Percentile by Number Answered
Your Score History
You have not taken this quiz